| 000 | 01182nam a2200277 a 4500 | ||
|---|---|---|---|
| 001 | BRCA_5794 | ||
| 005 | 20190320205221.0 | ||
| 008 | 100311s2010----u--a######---#000-0#eng-# | ||
| 020 | _a9780806199764 | ||
| 041 | _aeng | ||
| 044 | _au | ||
| 050 | 4 |
_aN6620 _b.A78 2010 |
|
| 245 | 1 | 0 |
_aThe Arts of South America _b1492-1850 : Papers from the 2008 Mayer Center Symposium at the Denver Art Museum _cedited by Donna Pierce. |
| 260 |
_aDenver _bDenver Art Museum _c2010 |
||
| 300 |
_a224 p. _bil. a color _c28 cm. |
||
| 440 | 0 |
_aSymposium series _pMayer Center for Pre-Columbian & Spanish Colonial Art at the Denver Art Museum _v2008 _914686 |
|
| 500 | _aA publication of the Frederick and Jan Mayer Center for Pre-Columbian and Spanish Colonial Art at the Denver Art Museum | ||
| 504 | _aIncluye referencias bibliográficas | ||
| 650 | 1 | 4 |
_aArte colonial _vCongresos _zAmérica del Sur _914687 |
| 650 | 1 | 4 |
_aArte, América del Sur _vCongresos _914688 |
| 650 | 1 | 4 |
_aArquitectura colonial _vCongresos _zAmérica del Sur _914689 |
| 650 | 1 | 4 |
_aArquitectura _vCongresos _zAmérica del Sur _914690 |
| 700 | 1 |
_aPierce, Donna _d1950- _91488 |
|
| 710 | 2 |
_aDenver Art Museum _914691 |
|
| 942 |
_2lcc _cB |
||
| 999 |
_c5483 _d5483 |
||